000 01022nam a2200325 a 4500
001 000108960
003 CHAP
005 20220329144031.0
008 140325s2011 mx a |r| |||1|||spa d
010 _a105422
011 _a106394
020 _a9786074142662
040 _cCHAP
082 0 4 _a635.7
_bO68
245 0 3 _aEl orégano mexicano :
_bestado actual del conocimiento /
_ccompilado por Gerardo Pérez Santiago ...[et al.].
260 _aMéxico, D.F. :
_bIPN
_bCIIDIR,
_c2011.
300 _a225 p. :
_bil., gráfs., cuadros.
590 _aE6096MTM
_b05
_c20140325
_lUCH01
_h1005
590 _aE6096MTM
_b05
_c20140325
_lUCH01
_h1005
650 1 4 _aAgricultura
_xInnovaciones tecnológicas.
_91565
650 1 4 _aBotánica económica.
_914655
650 1 4 _aIndustrias agrícolas.
_957925
650 1 4 _aOrégano.
_983623
650 1 4 _aOrégano
_xMercadeo.
_983628
650 1 4 _aPlantas aromáticas.
_988900
700 1 _aPérez Santiago, Gerardo
_ecomp.
_9126044
901 _aBK
942 _cLIBRO
942 _n0
999 _c105422
_d105422